Basic real estate finance and investment

Bibliographic Details
Main Authors: Epley, Donald R. (Author), Millar, James A. (Author)
Format: Book
Language:English
Published: New York : John Wiley & Sons, Inc. 1984
Edition:Second edition
Subjects:

MARC

LEADER 00000cam a2200000 7i4500
001 0000002675
005 20240912.0
008 240610 nyu a eng
020 |a 0471874981 (hardback) 
040 |a INS   |b eng   |e rda 
090 0 0 |a RHD1382.5   |b .E64 1984 
100 1 |a Epley, Donald R. ,   |e author 
245 1 0 |a Basic real estate finance and investment   |c Donald R.Epley and James A. Millar 
250 |a Second edition 
264 1 |a New York :   |b John Wiley & Sons, Inc.   |c 1984 
264 4 |c ©1984 
300 |a xxvi, 619 pages :   |b illustrations ;   |c 24 cm. 
336 |a text  |2 rdacontent 
337 |a unmediated  |2 rdamedia 
338 |a volume  |2 rdacarrier 
500 |a Includes index 
650 0 |a Real estate investment 
650 0 |a Real property   |x Finance 
700 1 |a Millar, James A. ,   |e author 
999 |a 0000000031   |b BOOK   |c Red Spot   |e Default branch